Disposición de los desechos líquidos en la Playa de Jacó

Պահպանված է:
Մատենագիտական մանրամասներ
Հիմնական հեղինակ: Fernández Vaglio, Ernesto
Ձևաչափ: Գիրք
Հրապարակվել է: [San José , Costa Rica] 1995
Խորագրեր:
Ցուցիչներ: Ավելացրեք ցուցիչ
Չկան պիտակներ, Եղեք առաջինը, ով նշում է այս գրառումը!

MARC

LEADER 00000nam a2200000Ia 4500
003 007746
005 20221231144252.0
008 140114s1995 cr a m 000 ||s d
040 |c cru CEDI 
090 |a TFG 3331 
100 |a Fernández Vaglio, Ernesto  |9 10656 
245 |a Disposición de los desechos líquidos en la Playa de Jacó 
260 |c 1995  |a  [San José , Costa Rica] 
300 |a  [137] hojas : ilustraciones  
500 |a  Proyecto de graduación (licenciatura en ingeniería civil)--Universidad de Costa Rica. Facultad de Ingeniería. Escuela de Ingeniería Civil 
650 |x PURIFICACION DE AGUAS RESIDUALES  |9 10657 
942 |c TFG  |2 ddc 
999 |c 19360  |d 19360